Not FEH Characters - Statistics

General Stats
  • This quiz has been taken 19 times
    5 since last reset
  • The average score is 112 of 199
Answer Stats
From Answer % Correct
Fire Emblem: Three Houses Alois
100%
Fire Emblem: Three Houses Gilbert
100%
Fire Emblem: Three Houses Hanneman
100%
Fire Emblem Gaiden Jesse
100%
Fire Emblem Warriors Rowan
100%
Fire Emblem Echoes: Shadows of Valentia Shade
100%
Fire Emblem Echoes: Shadows of Valentia Yuzu
100%
Fire Emblem Engage Amber
75%
Fire Emblem Fates Asugi
75%
Fire Emblem: The Blazing Blade Athos
75%
Tokyo Mirage Sessions #FE Encore Barry Goodman
75%
Fire Emblem: Shadow Dragon and the Blade of Light Bord
75%
Fire Emblem Engage Boucheron
75%
Fire Emblem Engage Bunet
75%
Fire Emblem: Genealogy of the Holy War Chulainn
75%
Fire Emblem: Shadow Dragon and the Blade of Light Cord
75%
Fire Emblem: The Blazing Blade Dart
75%
Fire Emblem: Thracia 776 Deen
75%
Fire Emblem: Path of Radiance Devdan
75%
Fire Emblem Echoes: Shadows of Valentia Emma
75%
Fire Emblem Engage Fogado
75%
Fire Emblem: The Sacred Stones Franz
75%
Fire Emblem Engage Gregory
75%
Fire Emblem Engage Jade
75%
Fire Emblem Engage Jean
75%
Fire Emblem: Genealogy of the Holy War Lana
75%
Fire Emblem Warriors Lianna
75%
Fire Emblem Engage Lindon
75%
Fire Emblem Engage Madeline
75%
Fire Emblem: Radiant Dawn Meg
75%
Fire Emblem Engage Merrin
75%
Fire Emblem Fates Mitama
75%
Fire Emblem: The Sacred Stones Moulder
75%
Fire Emblem Gaiden Nomah
75%
Fire Emblem Engage Pandreo
75%
Fire Emblem Fates Percy
75%
Fire Emblem Echoes: Shadows of Valentia Randal
75%
Fire Emblem: The Blazing Blade Renault
75%
Fire Emblem Warriors: Three Hopes Rodrigue
75%
Fire Emblem Engage Saphir
75%
Fire Emblem Fates Scarlet
75%
Fire Emblem Fates Sophie
75%
Tokyo Mirage Sessions #FE Touma Akagi
75%
Fire Emblem Engage Vander
75%
Tokyo Mirage Sessions #FE Yashiro Tsurugi
75%
Fire Emblem Engage Zelestia
75%
Fire Emblem Engage Zelkov
75%
Fire Emblem: Genealogy of the Holy War Alec
50%
Fire Emblem: The Binding Blade Alen
50%
Fire Emblem: Thracia 776 Alva
50%
Fire Emblem: Thracia 776 Amalda
50%
Fire Emblem: Genealogy of the Holy War Amid
50%
Fire Emblem: Radiant Dawn Aran
50%
Fire Emblem: Shadow Dragon and the Blade of Light Arran
50%
Fire Emblem: Genealogy of the Holy War Asaello
50%
Fire Emblem: The Binding Blade Astolfo
50%
Fire Emblem: The Binding Blade Barthe
50%
Fire Emblem: Shadow Dragon and the Blade of Light Beck
50%
Fire Emblem: New Mystery of the Emblem Belf
50%
Fire Emblem: Genealogy of the Holy War Beowolf
50%
Fire Emblem: Shadow Dragon and the Blade of Light Boah
50%
Fire Emblem: The Binding Blade Bors
50%
Fire Emblem: Thracia 776 Brighton
50%
Fire Emblem: Path of Radiance Brom
50%
Fire Emblem: Path of Radiance Bryce
50%
Fire Emblem: Shadow Dragon and the Blade of Light Caesar
50%
Fire Emblem: Thracia 776 Cain
50%
Fire Emblem: Path of Radiance Calill
50%
Fire Emblem: Thracia 776 Carrion
50%
Fire Emblem: Genealogy of the Holy War Charlot
50%
Fire Emblem: Genealogy of the Holy War Claud
50%
Fire Emblem: Genealogy of the Holy War Coirpre
50%
Fire Emblem: Thracia 776 Conomor
50%
Fire Emblem: Genealogy of the Holy War Creidne
50%
Fire Emblem: Thracia 776 Dagdar
50%
Fire Emblem Fates Daichi
50%
Fire Emblem: Genealogy of the Holy War Daisy
50%
Fire Emblem: Thracia 776 Dalsin
50%
Fire Emblem: Genealogy of the Holy War Dalvin
50%
Fire Emblem Fates Daniela
50%
Fire Emblem: The Binding Blade Dayan
50%
Fire Emblem: Genealogy of the Holy War Deimne
50%
Fire Emblem: Genealogy of the Holy War Dew
50%
Fire Emblem: Genealogy of the Holy War Diarmuid
50%
Fire Emblem: New Mystery of the Emblem Dice
50%
Fire Emblem: Shadow Dragon and the Blade of Light Dolph
50%
Fire Emblem: The Binding Blade Douglas
50%
Fire Emblem: Thracia 776 Eda
50%
Fire Emblem: Genealogy of the Holy War Edain
50%
Fire Emblem: The Binding Blade Elen
50%
Fire Emblem: Shadow Dragon Etzel
50%
Fire Emblem: The Sacred Stones Fado
50%
Fire Emblem: Thracia 776 Fergus
50%
Fire Emblem: Radiant Dawn Fiona
50%
Fire Emblem: Thracia 776 Fred
50%
Fire Emblem: New Mystery of the Emblem Frost
50%
Fire Emblem Fates Funke
50%
Fire Emblem: The Sacred Stones Garcia
50%
Fire Emblem: Radiant Dawn Gareth
50%
Fire Emblem: The Binding Blade Garret
50%
Fire Emblem Fates Gazak
50%
Fire Emblem: Path of Radiance Giffca
50%
Fire Emblem: Thracia 776 Glade
50%
Fire Emblem Fates Haitaka
50%
Fire Emblem: Thracia 776 Halvan
50%
Fire Emblem: Genealogy of the Holy War Hannibal
50%
Fire Emblem: Genealogy of the Holy War Hawk
50%
Fire Emblem: The Sacred Stones Hayden
50%
Fire Emblem: Genealogy of the Holy War Hermina
50%
Fire Emblem: Thracia 776 Hicks
50%
Fire Emblem Fates Hisame
50%
Fire Emblem: Thracia 776 Homer
50%
Fire Emblem: Shadow Dragon Horace
50%
Fire Emblem Fates Ignatius
50%
Fire Emblem: Thracia 776 Ilios
50%
Fire Emblem: The Sacred Stones Ismaire
50%
Fire Emblem: Genealogy of the Holy War Iuchar
50%
Fire Emblem: Genealogy of the Holy War Iucharba
50%
Fire Emblem: Shadow Dragon and the Blade of Light Jake
50%
Fire Emblem: Path of Radiance Janaff
50%
Fire Emblem: Genealogy of the Holy War Jeanne
50%
Fire Emblem: Mystery of the Emblem Jubelo
50%
Fire Emblem: Path of Radiance Kieran
50%
Fire Emblem Fates Kumagera
50%
Fire Emblem: The Binding Blade Lance
50%
Fire Emblem: Path of Radiance Largo
50%
Fire Emblem: Radiant Dawn Laura
50%
Fire Emblem: Genealogy of the Holy War Laylea
50%
Fire Emblem: Genealogy of the Holy War Lester
50%
Fire Emblem: Genealogy of the Holy War Linda
50%
Fire Emblem: Thracia 776 Linoan
50%
Fire Emblem Fates Llewelyn
50%
Fire Emblem Fates Lloyd
50%
Fire Emblem: Shadow Dragon and the Blade of Light Lorenz
50%
Fire Emblem: The Binding Blade Lot
50%
Fire Emblem Engage Louis
50%
Fire Emblem: The Blazing Blade Lowen
50%
Fire Emblem: Shadow Dragon and the Blade of Light Macellan
50%
Fire Emblem: Thracia 776 Machyua
50%
Tokyo Mirage Sessions #FE Encore Maiko Shimazaki
50%
Fire Emblem: Path of Radiance Makalov
50%
Fire Emblem: The Binding Blade Marcus
50%
Fire Emblem: Thracia 776 Marty
50%
Fire Emblem: Shadow Dragon and the Blade of Light Midia
50%
Fire Emblem: Genealogy of the Holy War Midir
50%
Fire Emblem: Thracia 776 Misha
50%
Fire Emblem: Genealogy of the Holy War Muirne
50%
Fire Emblem: Genealogy of the Holy War Naoise
50%
Fire Emblem: Path of Radiance Nasir
50%
Fire Emblem: Radiant Dawn Nealuchi
50%
Fire Emblem Fates Nichol
50%
Fire Emblem: Radiant Dawn Nolan
50%
Fire Emblem: The Binding Blade Ogier
50%
Fire Emblem: Genealogy of the Holy War Oifey
50%
Fire Emblem: The Blazing Blade Oswin
50%
Fire Emblem: Shadow Dragon and the Blade of Light Radd
50%
Fire Emblem Engage Rafal
50%
Fire Emblem: Thracia 776 Ralf
50%
Fire Emblem: New Mystery of the Emblem Reiden
50%
Fire Emblem: Thracia 776 Robert
50%
Fire Emblem: New Mystery of the Emblem Roberto
50%
Fire Emblem: Shadow Dragon and the Blade of Light Roger
50%
Fire Emblem: Mystery of the Emblem Ryan
50%
Fire Emblem: Shadow Dragon and the Blade of Light Samson
50%
Fire Emblem: Mystery of the Emblem Samuel
50%
Fire Emblem: Thracia 776 Selphina
50%
Fire Emblem Fates Senno
50%
Fire Emblem: Thracia 776 Shannam
50%
Fire Emblem: Path of Radiance Shiharam
50%
Fire Emblem: Thracia 776 Shiva
50%
Fire Emblem Fates Shura
50%
Fire Emblem: The Binding Blade Sin
50%
Fire Emblem: Radiant Dawn Skrimir
50%
Fire Emblem: Thracia 776 Sleuf
50%
Fire Emblem: Path of Radiance Stefan
50%
Fire Emblem Fates Tarba
50%
Fire Emblem: Path of Radiance Tauroneo
50%
Fire Emblem: Shadow Dragon and the Blade of Light Tomas
50%
Fire Emblem: The Binding Blade Trec
50%
Fire Emblem: Genealogy of the Holy War Tristan
50%
Fire Emblem: Thracia 776 Troude
50%
Fire Emblem: Path of Radiance Ulki
50%
Fire Emblem: The Blazing Blade Vaida
50%
Fire Emblem: Radiant Dawn Volug
50%
Fire Emblem: The Blazing Blade Wallace
50%
Fire Emblem: The Binding Blade Ward
50%
Fire Emblem: Mystery of the Emblem Warren
50%
Fire Emblem: Shadow Dragon and the Blade of Light Wendell
50%
Fire Emblem: Thracia 776 Xavier
50%
Fire Emblem: Shadow Dragon Ymir
50%
Fire Emblem: The Binding Blade Yoder
50%
Fire Emblem: The Binding Blade Zeiss
50%
Fire Emblem Fates Zhara
50%
Fire Emblem: Mystery of the Emblem Cecil
25%
Fire Emblem: The Binding Blade Elffin
25%
Fire Emblem: Shadow Dragon Frey
25%
Fire Emblem: The Blazing Blade Geitz
25%
Fire Emblem Fates Izana
25%
Fire Emblem: Mystery of the Emblem Marisha
25%
No matching quizzes found
Score Distribution
Percent of People with Each Score
Percentile by Number Answered
Your Score History
You have not taken this quiz since the last reset